000
00308nam a22001337a 4500
008
170606b xxu||||| |||| 00| 0 eng d
020
_a
0275927326
041
_a
eng
080
_a
32
100
_a
18
101
_a
SHP
245
_a
SOVIET POLITICS FROM BREZHNEV TO GORBACHEV
_c
KELLEY,D.R
942
_2
udc
_c
BK
999
_c
16205
_d
16205